Income tax guide for the taxpayer : (Record no. 137191)

MARC details
000 -LEADER
fixed length control field 00640nam a22001937a 4500
005 - DATE AND TIME OF LATEST TRANSACTION
control field 20170124115003.0
010 ## - LCCN (DPL NO)
LC control number ENG-117143
020 ## - INTERNATIONAL STANDARD BOOK NUMBER
International Standard Book Number 9789350356920
Terms of availability 295.00
035 ## - SYSTEM CONTROL NUMBER
System control number EN-100675
037 ## - SOURCE OF ACQUISITION
Source of stock number/acquisition DBAD/PUB
082 ## - DEWEY DECIMAL CLASSIFICATION NUMBER
Classification number 343.0526
100 ## - MAIN ENTRY--PERSONAL NAME
Personal name Lakhotia,Subhash
245 ## - TITLE STATEMENT
Title Income tax guide for the taxpayer :
Statement of responsibility, etc by Subhash Lakhotia
Remainder of title (assessment year 2017-2018) /
250 ## - EDITION STATEMENT
Edition statement 52nd ed.
260 ## - PUBLICATION, DISTRIBUTION, ETC. (IMPRINT)
Place of publication, distribution, etc Gurgaon
Name of publisher, distributor, etc LexisNexis
Date of publication, distribution, etc 2016
270 ## - ADDRESS
Address 14th Floor, Building No.10, Tower-B, DLF Cyber City, Phase-II
City Gurgaon (Haryana)
Postal code 122002
300 ## - PHYSICAL DESCRIPTION
Extent xi,163p. :
Other physical details 21 cm(Hb)
Dimensions ill
942 ## - ADDED ENTRY ELEMENTS (KOHA)
Source of classification or shelving scheme Dewey Decimal Classification
Item type English Books
Classification part 343.0526
Call number suffix LAK
Holdings
Withdrawn status Lost status Not for loan Collection code Home library Current library Date acquired Source of acquisition Cost, normal purchase price Full call number Barcode Copy number Cost, replacement price Koha item type
      Non-fiction Shahdara Branch Shahdara Branch 24/01/2017 DBAD/PUB 295.00 343.0526 LAK EN-100675 1 295.00 English Books

© Delhi Public Library
Hit Counter
free hit counter